Curso de derecho constitucional (Registro nro. 1930)
[ vista simple ]
| 000 -LEADER | |
|---|---|
| fixed length control field | 01541 a2200241 4500 |
| 001 - CONTROL NUMBER | |
| control field | 29658 |
| 005 - DATE AND TIME OF LATEST TRANSACTION | |
| control field | 20260407155607.0 |
| 008 - FIXED-LENGTH DATA ELEMENTS--GENERAL INFORMATION | |
| fixed length control field | 260407a1984 arg spa d |
| 003 - CONTROL NUMBER IDENTIFIER | |
| control field | AR-UNSa-BCEJYS |
| 040 ## - CATALOGING SOURCE | |
| Original cataloging agency | AR-UNSa-BCEJYS |
| Language of cataloging | spa |
| Transcribing agency | AR-UNSa-BCEJYS |
| 080 ## - UNIVERSAL DECIMAL CLASSIFICATION NUMBER | |
| Universal Decimal Classification number | 342 |
| Common auxiliary subdivision | Derecho constitucional (Derecho Público) |
| 020 ## - INTERNATIONAL STANDARD BOOK NUMBER | |
| International Standard Book Number | 950-14-1413-2 |
| 041 ## - LANGUAGE CODE | |
| Language code of text/sound track or separate title | spa |
| 100 1# - MAIN ENTRY--PERSONAL NAME | |
| Personal name | González Calderon, Juan A. |
| 245 10 - TITLE STATEMENT | |
| Title | Curso de derecho constitucional |
| 250 ## - EDITION STATEMENT | |
| Edition statement | 6a. ed. |
| 264 #1 - PRODUCTION, PUBLICATION, DISTRIBUTION, MANUFACTURE, AND COPYRIGHT NOTICE | |
| Place of production, publication, distribution, manufacture | Buenos Aires : |
| Name of producer, publisher, distributor, manufacturer | Ediciones Depalma |
| Date of production, publication, distribution, manufacture, or copyright notice | 1984 |
| 300 ## - PHYSICAL DESCRIPTION | |
| Extent | 570 p. |
| Dimensions | 22 cm. |
| 505 ## - FORMATTED CONTENTS NOTE | |
| Formatted contents note | 1. Nociones generales.El preámbulo - 2. Las formas de gobierno - 3. Nuestro estado federal - 4. Doctrina de la supremacía de la constitución - 5. Garantía federal a las provincias - 6. La intervención federal en las provincias - 7. Declaraciones, derechos y garantías (en general) - 8. La igualdad ante la ley - 9. Derechos y libertades en relación inmediata con las personas - 10. Garantías de la libertad y seguridad de las personas - 11. Derechos civiles con respecto al trabajo y a los bienes - 12. Estado de sitio - 13. El régimen electoral - 14. Organización del poder legislativo - 15. Derecho y procedimiento parlamentarios - 16. Atribuciones del congreso - 17. Atribucions del congreso (continuación) - 18. Organización del poder ejecutivo - 19. Atribuciones del poder ejecutivo - 20. Organización y funciones del poder judicial de la nación. |
| 590 ## - LOCAL NOTE (RLIN) | |
| Local note | niveau_biblio:m niveau_hierar:0 |
| 700 1# - ADDED ENTRY--PERSONAL NAME | |
| Personal name | Miqueo Ferrero, Ernesto J. |
| 942 ## - ADDED ENTRY ELEMENTS (KOHA) | |
| Koha item type | |
| Withdrawn status | Lost status | Damaged status | Not for loan | Home library | Current library | Shelving location | Date acquired | Total checkouts | Full call number | Barcode | Date last seen | Price effective from | Koha item type |
|---|---|---|---|---|---|---|---|---|---|---|---|---|---|
| Biblioteca Prof. Eusebio Cleto del Rey | Biblioteca Prof. Eusebio Cleto del Rey | 07/04/2026 | 342 G642 6ed. | L44160 | 07/04/2026 | 07/04/2026 | Libro | ||||||
| Biblioteca Prof. Eusebio Cleto del Rey | Biblioteca Prof. Eusebio Cleto del Rey | 07/04/2026 | 342 G642 6ed. | L44162 | 07/04/2026 | 07/04/2026 | Libro | ||||||
| Biblioteca Prof. Eusebio Cleto del Rey | Biblioteca Prof. Eusebio Cleto del Rey | 07/04/2026 | 342 G642 6ed. | L44161 | 07/04/2026 | 07/04/2026 | Libro | ||||||
| Biblioteca Prof. Eusebio Cleto del Rey | Biblioteca Prof. Eusebio Cleto del Rey | 07/04/2026 | 342 G642 6ed. | L53390 | 07/04/2026 | 07/04/2026 | Libro |